| 000 | 00374 a2200157 4500 | ||
|---|---|---|---|
| 001 | 60519 | ||
| 020 | _a | ||
| 040 | _cAnchieta - Pituba | ||
| 100 | _aDoherty, Catherine de Hueck | ||
| 240 | 1 | 0 |
_aEvangelho sem restrições _lpor |
| 245 | 1 | 0 | _aEvangelho sem restrições |
| 300 | _a222 | ||
| 362 | 0 | _a1978 | |
| 650 | 4 | _aExperiência, prática e vida cristã | |
| 942 | _cBK | ||
| 999 |
_c60519 _d60519 |
||